Rules, who needs them? (Record no. 3414)

000 -LEADER
fixed length control field 00705nam a2200217 a 4500
001 - CONTROL NUMBER
control field :::00001144$&:&@@
003 - CONTROL NUMBER IDENTIFIER
control field OkBaRHE
005 - DATE AND TIME OF LATEST TRANSACTION
control field 20000607103241.0
008 - FIXED-LENGTH DATA ELEMENTS--GENERAL INFORMATION
fixed length control field s1974 j 000 0 eng u
040 ## - CATALOGING SOURCE
Transcribing agency
100 1# - MAIN ENTRY--PERSONAL NAME
Personal name Barrett, Ethel.
245 10 - TITLE STATEMENT
Title Rules, who needs them?
260 ## - PUBLICATION, DISTRIBUTION, ETC. (IMPRINT)
Place of publication, distribution, etc Glendale, CA., :
Name of publisher, distributor, etc G/L Regal Books
Date of publication, distribution, etc c1974
300 ## - PHYSICAL DESCRIPTION
Extent 150 p. : illus. ;
Dimensions 20 cm.
490 0# - SERIES STATEMENT
Series statement A Regal venture book.
650 ## - SUBJECT ADDED ENTRY--TOPICAL TERM
Topical term or geographic name as entry element Bible Stories, English
General subdivision Old Testament
-- 1 Samuel
650 ## - SUBJECT ADDED ENTRY--TOPICAL TERM
Topical term or geographic name as entry element Bible Stories, English
General subdivision Old Testament
-- Judges
650 ## - SUBJECT ADDED ENTRY--TOPICAL TERM
Topical term or geographic name as entry element Christian Life
General subdivision 1960-
942 ## - ADDED ENTRY ELEMENTS (KOHA)
Source of classification or shelving scheme
Koha item type Books
Copies
Copy number Permanent Location Date last seen Price effective from Date acquired Barcode Full call number Shelving location Koha item type Withdrawn status Not for loan Damaged status Source of classification or shelving scheme Lost status
1RHEMA Bible Training College2018-02-162010-04-142010-04-141144BS 550.2 .B37General StacksBooks